<?xml version="1.0" encoding="UTF-8"?>
<marc:record xmlns:marc="http://www.loc.gov/MARC21/slim">
   <marc:leader>00000nam a2200000 a 4500</marc:leader>
   <marc:datafield ind1=" " ind2=" " tag="653">
      <marc:subfield code="a">Literaturverfilmung</marc:subfield>
   </marc:datafield>
   <marc:datafield ind1="0" ind2="0" tag="245">
      <marc:subfield code="a">Dame König As Spion</marc:subfield>
   </marc:datafield>
   <marc:datafield ind1="0" ind2="0" tag="245">
      <marc:subfield code="b">John le Carré Edition</marc:subfield>
   </marc:datafield>
   <marc:datafield ind1=" " ind2="1" tag="264">
      <marc:subfield code="a">München</marc:subfield>
      <marc:subfield code="b">Studiocanal Gmbh</marc:subfield>
      <marc:subfield code="c">2013</marc:subfield>
   </marc:datafield>
   <marc:datafield ind1="1" ind2=" " tag="520">
      <marc:subfield code="a">"Dame König As Spion"&#xD;
Ein Maulwurf sorgt beim britischen Geheimdienst für Aufregung. Brisante Informationen landen seit Jahren beim sowjetischen Abwehrdienst KGB. Als man sich nicht mehr zu helfen weiß, wird der ehemalige Meisteragent George Smiley aus dem Ruhestand geholt, um den Verräter zu finden. Das erweist sich als überaus schwierig, denn man verweigert ihm den Zugang zu geheimen Dokumenten, und außerdem muss er seine Mission vor den Kollegen geheim halten - denn einer von ihnen ist der Spion.&#xD;
Laufzeit: ca. 122 Min.&#xD;
Produktionsjahr: 2011&#xD;
Regie: Thomas Alfredson&#xD;
Darsteller: Benedict Cumberbatch, Colin Firth, Tom Hardy, Ciaran Hinds, John Hurt, Toby Jones, Gary Oldman, Mark Strong;</marc:subfield>
   </marc:datafield>
   <marc:datafield ind1=" " ind2=" " tag="041">
      <marc:subfield code="a">ger</marc:subfield>
   </marc:datafield>
   <marc:datafield ind1="1" ind2=" " tag="521">
      <marc:subfield code="a">FSK ab 12 freigegeben</marc:subfield>
   </marc:datafield>
   <marc:datafield ind1="1" ind2=" " tag="521">
      <marc:subfield code="a">12</marc:subfield>
   </marc:datafield>
   <marc:datafield ind1=" " ind2=" " tag="338">
      <marc:subfield code="a">DVD-Video</marc:subfield>
   </marc:datafield>
   <marc:datafield ind1=" " ind2=" " tag="300">
      <marc:subfield code="a">1 DVD</marc:subfield>
   </marc:datafield>
</marc:record>
